| 000 | 00814nam a2200241 i 4500 | ||
|---|---|---|---|
| 001 | 000028303 | ||
| 003 | DO-SdBNP | ||
| 005 | 20240304103305.0 | ||
| 007 | ta | ||
| 008 | 110407s2003 dr a 000 0 spa d | ||
| 040 |
_aDO-SdBNP _bspa _cBNPHU _erda |
||
| 082 | 4 |
_bR426n _222 |
|
| 110 | 1 |
_aRepública Dominicana. _b Secretaría de Estado de Medio Ambiente y Recursos Naturales _914503 |
|
| 245 | 1 | 0 | _aNormas ambientales sobre la protección contra ruidos / |
| 264 |
_aSanto Domingo : _bSecretaría de Estado de Medio Ambiente y Recursos Naturales, _c2001. |
||
| 300 |
_a37 páginas : _bilustraciones ; _c23 cm. |
||
| 336 |
_2rdacontent _atexto _btxt |
||
| 337 |
_2rdamedia _asin mediación _bn |
||
| 338 |
_2rdacarrier _avolumen _bnc |
||
| 590 | _aInventariado, 2020/ YL | ||
| 910 | _aBtavárez | ||
| 942 |
_2ddc _cLF2 |
||
| 999 |
_c27795 _d27795 |
||